000 00337 a2200145 4500
001 185475
020 _a
040 _cMagnum
100 _aRegina, Tia
240 1 0 _aA cidade subterrânea / a lagoa azul
_lpor
245 1 0 _aA cidade subterrânea / a lagoa azul
300 _a15
697 _aLITERATURA INFANTO-JUVENIL
942 _cBK
999 _c185475
_d185475